| 000 | 00499nam a2200133Ia 4500 | ||
|---|---|---|---|
| 008 | 180901s9999 xx 000 0 und d | ||
| 020 | _a9789715849739 | ||
| 100 | _aReganit, Arnulfo Aaron R. | ||
| 245 |
_cArnulfo aaron R. Reganit, Ronaldo SP. Elicay, Cresencia C. Laguerta.-- _aAssessment of student learning I : _bcognitive learning / |
||
| 260 |
_aQuezon City : _bC & E Publishing _c2010 |
||
| 300 | _axi, 161 pages. | ||
| 650 | _aCognitive Learning. | ||
| 650 | _aEducational test and measurements. | ||
| 999 |
_c358469 _d358469 |
||